A cavalo, Raquel! (Registo nº 1987)
[ vista simples ]
| 000 -Etiqueta do registo | |
|---|---|
| Cabeçalho | 00939nam a22003011 4500 |
| 005 - Identificador da versão | |
| Campo de controlo | 20240813121921.0 |
| 095 ## - | |
| -- | PTBN00041023 |
| 021 ## - Número do Depósito Legal | |
| Código do país | PT |
| Número | 13824/86 |
| 100 ## - Dados gerais de processamento | |
| Dados gerais de processamento | 20070621d1986 da y0pory5003 ba |
| 102 ## - Pais de publicação ou produção | |
| País de publicação | Portugal |
| 101 1# - Língua de publicação | |
| Língua do texto, banda sonora, etc. | Português |
| 105 ## - Campo de dados codificados: livros | |
| Dados codificados dos livros | a z 000ay |
| 215 ## - Descrição física | |
| Indicação específica da natureza do documento e extensão da espécie | 116, [1] p. |
| Outras indicações físicas | il. |
| Dimensões | 21 cm |
| 200 1# - Titulo e menção de responsabilidade | |
| Título próprio | A cavalo, Raquel! |
| Primeira menção de responsabilidade | Lise Gast |
| Outras menções de responsabilidade | il. Kajo Bierl |
| -- | trad. e adapt. Isabel Felix Machado |
| -- | consultor pedagógico Ernesto M. Campos |
| 225 2# - Colecção | |
| Título próprio da colecção | Raquel |
| Indicação de volume | 2 |
| 210 ## - Publicação, Distribuição, etc. | |
| Lugar da edição, distribuição, etc. | Porto |
| Nome do editor, distribuidor, etc. | Asa |
| Data da publicação, distribuição, etc. | cop. 1986 |
| 606 ## - Nome comum usado como assunto | |
| Número de registo de entrada de autoridade | 0000229 |
| Palavra de ordem | Literatura estrangeira infanto-juvenil |
| Subdivisão de assunto | Romance de aventuras |
| 675 ## - Classificação Decimal Universal (CDU) | |
| Notação | 82-311.3 |
| Edição | 2ª |
| Língua da edição | por |
| 702 #1 - Nome de autor-pessoa física (responsabilidade secundária) | |
| Número de registo de entrada de autoridade | 0000662 |
| Palavra de ordem | Bierl |
| Outra parte do nome não tomada para palavra de ordem | Kajo |
| Código de função | Ilustrador / Técnico de desenho computorizado |
| Número de registo de entrada de autoridade | 0000663 |
| Palavra de ordem | Machado |
| Outra parte do nome não tomada para palavra de ordem | Isabel Felix |
| Código de função | Tradutor |
| Número de registo de entrada de autoridade | 0000664 |
| Palavra de ordem | Campos |
| Outra parte do nome não tomada para palavra de ordem | Ernesto M. |
| Código de função | Supervisor |
| 700 #1 - Nome de autor-pessoa física (responsabilidade principal) | |
| Número de registo de entrada de autoridade | 0000661 |
| Palavra de ordem | Gast |
| Outra parte do nome não tomada para palavra de ordem | Lise |
| 942 ## - Elementos de entrada adicionados (Koha) | |
| Tipo de item no Koha | Livro |
| Situação do levantamento | Origin of item (home branch) (coded) | Biblioteca de empréstimo | Código de barras | Cota | Circulation type (not for loan) | Tipo de documento | Nota do exemplar | Damaged status |
|---|---|---|---|---|---|---|---|---|
| Biblioteca Escolar da Coca Maravilhas | Biblioteca Escolar da Coca Maravilhas | BECM1702/93 | 8EST GAS | Livro | Sem mensagem |
